000 00515nam a22001937a 4500
003 OSt
005 20160803145215.0
008 160803b xxu||||| |||| 00| 0 eng d
020 _a076458894x
040 _cDDC.
082 _a004.56WIL 2006.
100 _aThearon,Willis;
_910540
245 _aBeginning Visual Basic 2005 Databases.
260 _aIndiana;
_bWiley Publishing,Inc.
_c2006.
300 _axxiii,736p;
_bill;
_c25cm.
504 _aincludes index.
650 _aDatabases.
_95606
942 _2ddc
_cO_SHELF
999 _c4906
_d4906